Geoffrey Rush Filmography - Statistics

General Stats
  • This quiz has been taken 31 times
    9 since last reset
  • The average score is 8 of 134
Answer Stats
Type Year Name % Correct
Film 2003 Finding Nemo
100%
Film 2010 The King's Speech
100%
Film 2016 Gods of Egypt
50%
Theater 1994 Hamlet
50%
Theater 1978, 1988, 2015-2016 King Lear
50%
Film 2010 Legend of the Guardians: The Owls of Ga'Hoole
50%
Film 2007 Pirates of the Caribbean: At World's End
50%
Film 2006 Pirates of the Caribbean: Dead Man's Chest
50%
Film 2011 Pirates of the Caribbean: On Stranger Tides
50%
Film 2003 Pirates of the Caribbean: The Curse of the Black Pearl
50%
Film 1996 Shine
50%
Theater 1972, 1984 Twelfth Night
50%
Film 1986 Twelfth Night
50%
Award Show 2012 1st AACTA Awards
0%
Film 2008 $9.99
0%
Theater 2012 A Funny Thing Happened on the Way to the Forum
0%
Theater 1973 Aladdin
0%
Film 1998 A Little Bit of Soul
0%
Theater 1982 A Midsummer Night's Dream
0%
Theater 1972 Assault with a Deadly Weapon
0%
Short Film 1990 A State of Mind
0%
TV Show 2013 Being Brendo
0%
Theater 1986 Benefactors
0%
Theater 1983 Blood Wedding
0%
Short Film 2010 Brand New Day
0%
Film 2009 Bran Nue Dae
0%
Film TBA Burnt Piano
0%
Short Film 1996 Call Me Sal
0%
Film 2006 Candy
0%
Film 1996 Children of the Revolution
0%
Theater 1978 Clowneroonies
0%
TV Show 1979-1981 Consumer Capers
0%
Film 1995 Dad and Dave: On Our Selection
0%
Theater 1989, 2011 Diary of a Madman
0%
Film 1998 Elizabeth
0%
Film 2007 Elizabeth: The Golden Age
0%
Theater 2007, 2009 Exit the King
0%
Theater 1973 Expresso Bongo
0%
Film 2017 Final Portrait
0%
Film 2002 Frida
0%
TV Mini-Series 1987 Frontier
0%
TV Show 2017 Genius
0%
Theater 1974 Godspell
0%
Film 2011 Green Lantern
0%
Theater 1973 Hamlet on Ice
0%
TV Short 2003 Harvie Krumpet
0%
Film 2015 Holding the Man
0%
Film 1981 Hoodwink
0%
Film 1999 House on Haunted Hill
0%
Film 2003 Intolerable Cruelty
0%
Theater 1977 Jack and the Beanstalk
0%
Theater 1973 Juno and the Paycock
0%
Film 2001 Lantana
0%
Theater 1988 Les Enfants du Paradis
0%
Film 1998 Les Misérables
0%
Theater 2002 Life x 3
0%
Theater 1972 Lock Up Your Daughters
0%
TV Show 2010-2012 Lowdown
0%
Theater 1990 Marat/Sade
0%
TV Show 1981 Menotti
0%
TV Show 1996 Mercury
0%
Short Film 1994 Midday Crisis
0%
Film 2015 Minions
0%
Theater 1982 Mother Courage and Her Children
0%
Film 2005 Munich
0%
Film 1999 Mystery Men
0%
Commercial 2017 National Geographic
0%
Theater 1973 National Health
0%
Film 2003 Ned Kelly
0%
Theater 1983 Netherwood
0%
Theater 1981 No End of Blame
0%
Theater 1993 Oleanna
0%
Theater 1979 On Our Selection
0%
Theater 1987 On Parliament Hill
0%
Film 1997 Oscar and Lucinda
0%
Theater 1983 Pal Joey
0%
Film 2017 Pirates of the Caribbean: Dead Men Tell No Tales
0%
Theater 1978 Point of Departure
0%
Theater 1974 Present Laughter
0%
Theater 1972 Puss in Boots
0%
Film 2000 Quills
0%
Film TBA Raised Eyebrows
0%
Theater 1972 Ruling Class
0%
Film 1998 Shakespeare in Love
0%
Theater 1987 Shepherd on the Rocks
0%
Theater 1982 Silver Lining
0%
Film 1982 Starstruck
0%
Film 2019 Storm Boy
0%
Theater 1973 Suddenly at Home
0%
Theater 1983 Sunrise
0%
Film 2003 Swimming Upstream
0%
Award Show 2007 The 2007 Australian Film Institute Awards
0%
Short Film 1981 The Added Dimension
0%
Theater 1996 The Alchemist
0%
Film 2002 The Banger Sisters
0%
Film 2013 The Best Offer
0%
Theater 1983 The Blind Giant Is Dancing
0%
Theater 1983 The Blind Giant Is Dancing
0%
Film 2013 The Book Thief
0%
Theater 1990 The Comedy of Errors
0%
Film 2015 The Daughter
0%
Theater 2010 The Drowsy Chaperone
0%
Theater 1993 The Dutch Courtesan
0%
Film 2011 The Eye of the Storm
0%
Theater 1991 The Government Inspector
0%
Theater 1973 The Imaginary Invalid
0%
Theater 1988, 2011-2012 The Importance of Being Earnest
0%
Film 2004 The Life and Death of Peter Sellers
0%
Film 2000 The Magic Pudding
0%
TV Documentary 2008 The Man Inside Dame Edna
0%
Short Film 2012 The Man Who Could Not Dream
0%
Theater 1983 The Marriage of Figaro
0%
Theater 1998 The Marriage of Figaro
0%
Short Film 2015 The Nightingale and the Rose
0%
Theater 1974 The Philanthropist
0%
Theater 1982 The Prince of Homburg
0%
Theater 1981 The Revenger's Tragedy
0%
Theater 1974 The Rivals
0%
Film 2024 The Rule of Jenny Pen
0%
Theater 2000 The Small Poppies
0%
Film 2001 The Tailor of Panama
0%
Film 2010 The Warrior's Way
0%
Theater 1987 The Winter's Tale
0%
Theater 1988 Tristram Shandy-Gent
0%
Theater 1989 Troilus and Cressida
0%
TV Show 1996 Twisted
0%
Theater 1992 Uncle Vanya
0%
Documentary 2015 Unity
0%
Film TBA Verona Spies
0%
Theater 1979 Waiting for Godot
0%
TV Show 2015 Who Do You Think You Are?
0%
Theater 1971 Wrong Side of the Moon
0%
Theater 1981 You Can't Take It with You
0%
Theater 1972 You're a Good Man, Charlie Brown
0%
No matching quizzes found
Score Distribution
Percent of People with Each Score
Percentile by Number Answered
Your Score History
You have not taken this quiz since the last reset